| 000 | 00454cam a22001217a 4500 | ||
|---|---|---|---|
| 008 | 180718b--- xxu||||| |||| 00| 0 eng d | ||
| 082 | _aT39x54 In2i | ||
| 245 |
_aImport trade control: handbook of rules and procedure _cby Ministry of Commerce |
||
| 260 |
_aDelhi _bController of Publications _c--- |
||
| 500 | _aLibrary has 1964, 1966, 1968, 1972 1974-75, 1975-77 | ||
| 650 | _aInternational trade - government policy | ||
| 700 | _aIndia. Ministry of Commerce | ||
| 999 |
_c481248 _d481248 |
||